Time series models for business and economic forecasting

Gespeichert in:
Bibliographische Detailangaben
1. Verfasser: FRANSES, Philip Hans
Format: Buch
Sprache:Englisch
Veröffentlicht: Cambridge University Press 2014
Tags: Tag hinzufügen
Keine Tags, Fügen Sie den ersten Tag hinzu!

MARC

LEADER 00000nam a22000007a 4500
008 210621b ||||| |||| 00| 0 eng d
020 |a 9780521520911 
100 |a FRANSES, Philip Hans 
245 |a Time series models for business and economic forecasting  |c Philip Hans Franses, Dick Van Dijk and Anne Opschoor  |g xii, 300p.;ill. 
250 |b 2nd ed. 
260 |b Cambridge University Press  |c 2014  |h New York  |i 696225  |i 696226  |l HA30.3.F85  |m Time-series analysis  |m Econometrics  |m Risk management 
500 |a It includes bibliography and index 
942 |a lcc  |c BK  |e Kuteyi, M. A.  |f 21/06/2021 
999 |c 1390  |d 1390